Vilains de l'univers Marvel par image - Statistiques

Statistiques générales
  • Ce quiz a été pris 240 fois
    177 depuis la dernière actualisation
  • Le résultat moyen est 39 sur 116
Statistiques - réponses
Par images Réponse % Correct
Venom
98%
Thanos
94%
Bouffon Vert / Green Goblin
93%
Loki
92%
Crâne Rouge / Red Skull
87%
Ultron
87%
Rhino
85%
Carnage
84%
Docteur Octopus / Dr Octopus
84%
Mysterio
82%
Homme-Sable / Sandman
80%
Lézard / Lizard
76%
Electro
73%
Hela
73%
Nebula
73%
Magneto
72%
Hulk Rouge / Red Hulk
69%
Vautour / Vulture
69%
Docteur Fatalis / Dr Doom
68%
Galactus
68%
Kang
67%
Soldat de l'Hiver / Winter Soldier
67%
Caïd / Kingpin
63%
Fléau / Juggernaut
62%
Mystique
62%
Scorpion
62%
M.O.D.O.K.
59%
Ronan l'Accusateur / Ronan the Accuser
57%
Abomination
52%
Gambit
50%
Black Cat / Chatte Noire
48%
Morbius
48%
Shocker
45%
Yellowjacket
45%
Baron Zemo
44%
Taskmaster / Maître de Corvée
44%
Bullseye / Tireur
41%
Mister Negative
41%
Dormammu
40%
Dents-de-Sabre / Sabretooth
38%
Surtur
38%
Whiplash
37%
Crapaud / Toad
36%
Crossbones
34%
Iron Monger
34%
Mandarin
34%
Sentinelles / Sentinels
31%
Super-Bouffon / Hobgoblin
31%
Destructeur / Destroyer
30%
Colosse / Blob
29%
Killmonger
29%
Caméléon / Chameleon
28%
Leader
28%
Arnim Zola
27%
Enchanteresse / Enchantress
27%
Pyro
26%
Obadiah Stane
25%
Samouraï d'Argent / Silver Samurai
25%
Homme-Absorbant / Absorbing Man
24%
Super-Skrull
24%
Phénix Noir / Dark Phoenix
23%
Aldrich Killian
22%
Homme-Taupe / Mole Man
21%
Baron Mordo
20%
Klaw
20%
Scarabée / Beetle
20%
Hydro-Man
19%
Malekith
19%
Skurge / Exécuteur / Executioner
19%
Hammerhead
18%
Hood / the Hood
18%
Annihilus
17%
Chacal / Jackal
17%
Chevalier Noir / Black Knight
17%
Laufey
17%
Maître de l'Evolution / High Evolutionary
17%
Mister Sinister / Mister Sinistre
17%
Attuma
16%
Batroc le Sauteur / Batroc the Leaper
15%
Vipère / Viper
15%
Cobra / King Cobra
13%
Crimson Dynamo / Dynamo Pourpre
13%
Fin Fang Foom
13%
Boulet / Thunderball
12%
Démolisseur / Wrecker
11%
Madame Masque / Mme Masque
11%
Whirlwind / Homme Toupie / Cyclone / Tourbillon
11%
Avalanche
10%
Fenris
10%
Homme Molécule / Molecule Man
10%
Homme Radioactif / Radioactive Man
10%
Intelligence Suprême / Supreme Intelligence
10%
Lady Deathstrike
10%
Mandrill
9%
Bricoleur / Tinkerer
8%
Bulldozer
8%
Cerveau / Mastermind
8%
Justin Hammer
8%
Maximus
8%
Baron Von Strucker / Baron Wolfgang Von Strucker
7%
Compresseur / Piledriver
7%
Giganto
7%
Homme de Métal / Molten Man
7%
Moule Initial / Master Mold
7%
Piégeur / Trapster
7%
Blizzard
6%
Fondeur / Melter
6%
Immortus
6%
Opale / Moonstone
6%
Death Dealer
5%
Frères Grimm / Brothers Grimm
5%
Gladiateur / Gladiator
4%
Laser Vivant / Living Laser
4%
Maître des Maléfices / Maître des Marionnettes / Puppet Masters
4%
Penseur Fou / Mad Thinker
4%
Gamecock / Coq de Combat / Coq Noir
3%
Aucun quiz correspondant
Distribution des résultats
% des personnes avec chaque résultat
Percentile par nombre de réponses
Votre historique - résultats
Vous n’avez pas pris ce quiz depuis la dernière actualisation